<?xml version="1.0" encoding="UTF-8"?>
<collection xmlns="http://www.loc.gov/MARC21/slim">
<record>
  <controlfield tag="001">136356</controlfield>
  <controlfield tag="005">20240731105612.0</controlfield>
  <datafield tag="024" ind1="8" ind2=" ">
    <subfield code="2">sideral</subfield>
    <subfield code="a">139304</subfield>
  </datafield>
  <datafield tag="037" ind1=" " ind2=" ">
    <subfield code="a">ART-2015-139304</subfield>
  </datafield>
  <datafield tag="041" ind1=" " ind2=" ">
    <subfield code="a">spa</subfield>
  </datafield>
  <datafield tag="100" ind1=" " ind2=" ">
    <subfield code="a">Martínez Mínguez, M. L.</subfield>
  </datafield>
  <datafield tag="245" ind1=" " ind2=" ">
    <subfield code="a">Estudiantes universitarios: ventajas e inconvenientes de la evaluación formativa</subfield>
  </datafield>
  <datafield tag="260" ind1=" " ind2=" ">
    <subfield code="c">2015</subfield>
  </datafield>
  <datafield tag="520" ind1="3" ind2=" ">
    <subfield code="a">El objetivo de este estudio es analizar las ventajas e inconvenientes que encuentra  el alumnado universitario que cursa asignaturas que implementan sistemas de evaluación formativa de competencias. Desde una metodología cuantitativa, descriptiva y no comparativa se han analizado 5.419 estudiantes que han cursado 70 asignaturas en 16 universidades españolas durante los cursos 2011-2012 y 2012-2013. Los resultados muestran una valoración general muy positiva respecto a las ventajas en relación al protagonismo del alumnado, la individualización de la enseñanza y del grado y tipo de aprendizaje; y unas percepciones menos destacables sobre inconvenientes en referencia a la dedicación del estudiante, su compromiso individual y grupal y la carga de trabajo que suponen para el alumnado los sistemas de evaluación formativa.
L’objectiu d’aquest estudi és analitzar els avantatges i inconvenients que troba l’alumnat universitari que cursa assignatures en les quals s’implementen sistemes d’avaluació formativa de competències. Des d’una metodologia quantitativa, descriptiva i no comparativa, s’han analitzat les opinions de 5.419 estudiants, que han cursat 70 assignatures en 16 universitats espanyoles durant els cursos 2011-2012 i 2012-2013, a través d’una escala d’opinió tipus Likert. Els resultats mostren com a avantatges les referides al protagonisme de l’alumnat, la individualització de l’ensenyament i del grau i tipus d’aprenentatge; i uns inconvenients en referència a la dedicació de l’estudiant, el seu compromís individual i de grup, i la càrrega de treball que suposen per l’alumnat aquests sistemes d’avaluació. Les conclusions assenyalen una valoració general important dels avantatges i menys destacable dels inconvenients dels sistemes implementats, el que recomana l’ús de sistemes d’avaluació formativa de forma més extensiva, potenciats i avalats per les institucions acadèmiques corresponents.</subfield>
  </datafield>
  <datafield tag="506" ind1="0" ind2=" ">
    <subfield code="a">Access copy available to the general public</subfield>
    <subfield code="f">Unrestricted</subfield>
  </datafield>
  <datafield tag="536" ind1=" " ind2=" ">
    <subfield code="9">info:eu-repo/grantAgreement/ES/MINECO/EDU2010-19637</subfield>
  </datafield>
  <datafield tag="540" ind1=" " ind2=" ">
    <subfield code="9">info:eu-repo/semantics/openAccess</subfield>
    <subfield code="a">by-nc-nd</subfield>
    <subfield code="u">http://creativecommons.org/licenses/by-nc-nd/3.0/es/</subfield>
  </datafield>
  <datafield tag="655" ind1=" " ind2="4">
    <subfield code="a">info:eu-repo/semantics/article</subfield>
    <subfield code="v">info:eu-repo/semantics/publishedVersion</subfield>
  </datafield>
  <datafield tag="700" ind1=" " ind2=" ">
    <subfield code="a">Vallés Rapp, C.</subfield>
  </datafield>
  <datafield tag="700" ind1=" " ind2=" ">
    <subfield code="a">Romero Martín, M. R.</subfield>
    <subfield code="u">Universidad de Zaragoza</subfield>
    <subfield code="0">(orcid)0000-0002-5019-4574</subfield>
  </datafield>
  <datafield tag="710" ind1="2" ind2=" ">
    <subfield code="1">3001</subfield>
    <subfield code="2">187</subfield>
    <subfield code="a">Universidad de Zaragoza</subfield>
    <subfield code="b">Dpto. Expres.Music.Plást.Corp.</subfield>
    <subfield code="c">Área Didáctica Expres.Corporal</subfield>
  </datafield>
  <datafield tag="773" ind1=" " ind2=" ">
    <subfield code="g">14 (2015), 59-70</subfield>
    <subfield code="p">@tic (Valencia)</subfield>
    <subfield code="t">@tic : Revista d'innovació educativa</subfield>
    <subfield code="x">1989-3477</subfield>
  </datafield>
  <datafield tag="856" ind1="4" ind2=" ">
    <subfield code="s">1537917</subfield>
    <subfield code="u">http://zaguan.unizar.es/record/136356/files/texto_completo.pdf</subfield>
    <subfield code="y">Versión publicada</subfield>
  </datafield>
  <datafield tag="856" ind1="4" ind2=" ">
    <subfield code="s">2434320</subfield>
    <subfield code="u">http://zaguan.unizar.es/record/136356/files/texto_completo.jpg?subformat=icon</subfield>
    <subfield code="x">icon</subfield>
    <subfield code="y">Versión publicada</subfield>
  </datafield>
  <datafield tag="909" ind1="C" ind2="O">
    <subfield code="o">oai:zaguan.unizar.es:136356</subfield>
    <subfield code="p">articulos</subfield>
    <subfield code="p">driver</subfield>
  </datafield>
  <datafield tag="951" ind1=" " ind2=" ">
    <subfield code="a">2024-07-31-09:23:37</subfield>
  </datafield>
  <datafield tag="980" ind1=" " ind2=" ">
    <subfield code="a">ARTICLE</subfield>
  </datafield>
</record>
</collection>